000 00347 a2200169 4500
001 162904
020 _a85-329-0737-0
040 _cMagnum
100 _aDias, Vera
240 1 0 _aO avô de margareth
_lpor
245 1 0 _aO avô de margareth
300 _a31
362 0 _a2011
440 1 _a
697 _aLITERATURA JUVENIL
942 _cBK
999 _c162904
_d162904